Zdobywcy Złotej Piłki od 1980 - Statystyki

Ogólne statystyki
  • Ten quiz został rozwiązany 229 razy
  • Średni wynik to 15 z 39
Statystyki odpowiedzi
Rok Zwycięzca % Poprawnych
2018 Luka Modrić
91%
2017 Cristiano Ronaldo
89%
2016 Cristiano Ronaldo
87%
2015 Lionel Messi
87%
2011 Lionel Messi
86%
2014 Cristiano Ronaldo
85%
2013 Cristiano Ronaldo
84%
2009 Lionel Messi
84%
2010 Lionel Messi
84%
2012 Lionel Messi
84%
2008 Cristiano Ronaldo
79%
2007 Kaka
74%
2005 Ronaldinho
47%
2006 Fabio Cannavaro
44%
2002 Ronaldo
43%
2001 Michael Owen
28%
1998 Zinedine Zidane
28%
2004 Andrij Szewczenko
26%
2000 Luis Figo
26%
2003 Pavel Nedved
24%
1999 Rivaldo
23%
1995 George Weah
17%
1997 Ronaldo
17%
1988 Marco van Basten
13%
1989 Marco van Basten
11%
1992 Marco van Basten
11%
1985 Michel Platini
11%
1987 Ruud Gullit
11%
1983 Michel Platini
10%
1984 Michel Platini
10%
1996 Matthias Sammer
9%
1982 Paolo Rossi
9%
1993 Roberto Baggio
9%
1994 Christo Stoiczkow
8%
1990 Lothar Matthäus
8%
1980 Karl-Heinz Rummenigge
7%
1981 Karl-Heinz Rummenigge
7%
1991 Jean-Pierre Papin
6%
1986 Ihor Biełanow
4%
Nie znaleziono quizów pasujących do podanych kryteriów
Rozkład punktacji
Procent ludzi z każdym wynikiem
Percentyl według liczby udzielonych odpowiedzi
Twoja historia wyników
Nie rozwiązałeś tego quizu